Central places and peripheral spaces in north-western Germany from the eight to the twelfth century

Gespeichert in:
Bibliographische Detailangaben
1. Verfasser: Blaich, Markus C. (VerfasserIn)
Dokumenttyp: Kapitel/Artikel Konferenzschrift
Sprache:Deutsch
Veröffentlicht: 2020
In: "Rechtsräume"
Year: 2020, Pages: 319-334
Online-Zugang: Volltext
Verfasserangaben:Markus C. Blaich

MARC

LEADER 00000caa a2200000 c 4500
001 1815703539
003 DE-627
005 20230118164733.0
007 tu
008 220902s2020 xx ||||| 00| ||ger c
035 |a (DE-627)1815703539 
035 |a (DE-599)KXP1815703539 
035 |a (OCoLC)1361714762 
040 |a DE-627  |b ger  |c DE-627  |e rda 
041 |a ger 
084 |a 63  |2 sdnb 
100 1 |a Blaich, Markus C.  |d 1968-  |e VerfasserIn  |0 (DE-588)132374285  |0 (DE-627)69053843X  |0 (DE-576)299105954  |4 aut 
245 1 0 |a Central places and peripheral spaces in north-western Germany from the eight to the twelfth century  |c Markus C. Blaich 
264 1 |c 2020 
300 |b graphische Darstellung, Illustration, Karte 
300 |a 16 
336 |a Text  |b txt  |2 rdacontent 
337 |a ohne Hilfsmittel zu benutzen  |b n  |2 rdamedia 
338 |a Band  |b nc  |2 rdacarrier 
773 0 8 |i Enthalten in  |a "Rechtsräume" (Veranstaltung : 2015 : Frankfurt am Main)  |t "Rechtsräume"  |d Frankfurt am Main : Vittorio Klostermann, 2020  |g (2020), Seite 319-334  |h X, 336 Seiten  |w (DE-627)1671796187  |z 9783465044123  |7 nnam 
773 1 8 |g year:2020  |g pages:319-334  |g extent:16  |a Central places and peripheral spaces in north-western Germany from the eight to the twelfth century 
776 0 8 |i Erscheint auch als  |n Online-Ausgabe  |a Blaich, Markus C., 1968 -   |t Central places and peripheral spaces in north-western Germany from the eighth to the twelfth century  |d 2020  |w (DE-627)1816701017 
951 |a AR 
992 |a 20220907 
993 |a ConferencePaper 
998 |g 132374285  |a Blaich, Markus C.  |m 132374285:Blaich, Markus C.  |d 910000  |d 950000  |d 950950  |e 910000PB132374285  |e 950000PB132374285  |e 950950PB132374285  |k 0/910000/  |k 1/910000/950000/  |k 2/910000/950000/950950/  |p 1  |x j  |y j 
999 |a KXP-PPN1815703539  |e 4185291817 
BIB |a Y 
JSO |a {"id":{"eki":["1815703539"]},"language":["ger"],"name":{"displayForm":["Markus C. Blaich"]},"origin":[{"dateIssuedDisp":"2020","dateIssuedKey":"2020"}],"physDesc":[{"extent":"16 S.","noteIll":"graphische Darstellung, Illustration, Karte"}],"person":[{"given":"Markus C.","family":"Blaich","role":"aut","display":"Blaich, Markus C."}],"type":{"bibl":"chapter"},"recId":"1815703539","relHost":[{"corporate":[{"role":"aut","display":"\"Rechtsräume\" (2015, Frankfurt am Main)"}],"title":[{"title_sort":"\"Rechtsräume\"","subtitle":"historische und archäologische Annäherungen","title":"\"Rechtsräume\""}],"physDesc":[{"noteIll":"Illustrationen, Diagramme, Karten","extent":"X, 336 Seiten"}],"part":{"extent":"16","pages":"319-334","text":"(2020), Seite 319-334","year":"2020"},"language":["ger","eng"],"name":{"displayForm":["Caspar Ehlers, Holger Grewe (Hg.)"]},"origin":[{"publisherPlace":"Frankfurt am Main","dateIssuedDisp":"2020","dateIssuedKey":"2020","publisher":"Vittorio Klostermann"}],"relMultPart":[{"type":{"bibl":"serial"},"recId":"129930350","titleAlt":[{"title":"Veröffentlichungen des Max-Planck-Instituts für Rechtsgeschichte und Rechtstheorie Frankfurt am Main"}],"id":{"issn":["1610-6040"],"eki":["129930350"],"zdb":["356570-1"]},"disp":"Studien zur europäischen Rechtsgeschichte","pubHistory":["27.1986 -"],"note":["Einzelne Bände zugleich Bände von: Rechtsräume"],"dispAlt":"Studien zur europäischen Rechtsgeschichte","corporate":[{"role":"isb","display":"Max-Planck-Institut für Europäische Rechtsgeschichte"}],"title":[{"title_sort":"Studien zur europäischen Rechtsgeschichte","subtitle":"Veröffentlichungen des Max-Planck-Instituts für Europäische Rechtsgeschichte Frankfurt am Main","title":"Studien zur europäischen Rechtsgeschichte"}],"part":{"number_sort":["323"],"number":["Band 323"]},"language":["ger"],"origin":[{"dateIssuedDisp":"1986-","publisherPlace":"Frankfurt, M.","publisher":"Klostermann","dateIssuedKey":"1986"}]},{"part":{"number_sort":["4"],"number":["Band 4"]},"language":["ger","und"],"origin":[{"dateIssuedKey":"2017","publisher":"Vittorio Klostermann","publisherPlace":"Frankfurt am Main","dateIssuedDisp":"2017-"}],"physDesc":[{"noteFormat":"24 cm","extent":"Bände"}],"note":["Einzelne Bände zugleich Bände von Studien zur europäischen Rechtsgeschichte"],"pubHistory":["Band 1-"],"dispAlt":"Rechtsräume","title":[{"title_sort":"Rechtsräume","title":"Rechtsräume"}],"id":{"eki":["886277019"],"issn":["2512-9694"],"zdb":["2893764-8"]},"disp":"Studien zur europäischen Rechtsgeschichte","type":{"bibl":"serial"},"recId":"886277019"}],"recId":"1671796187","person":[{"family":"Ehlers","given":"Caspar","role":"edt","display":"Ehlers, Caspar"},{"display":"Grewe, Holger","family":"Grewe","given":"Holger","role":"edt"}],"type":{"bibl":"book"},"disp":"\"Rechtsräume\" (Veranstaltung : 2015 : Frankfurt am Main)\"Rechtsräume\"","id":{"eki":["1671796187"],"isbn":["9783465044123"]}}],"title":[{"title":"Central places and peripheral spaces in north-western Germany from the eight to the twelfth century","title_sort":"Central places and peripheral spaces in north-western Germany from the eight to the twelfth century"}]} 
SRT |a BLAICHMARKCENTRALPLA2020